LEADER 00437nab a2200133 i 4500 001 000000328578 003 CaOOAMICUS 005 20180831173603.0 008 180831n it uu u0 0ita r 013 $a40194 040 $aSeMil$bita 245 10$aSaronno. - In [rubrica] :$bNotizie dai Seminari. 773 0 $tHo creduto all'amore... eccomi.$gp.12$w()290975 996 $6245$aSaronno. - In [rubrica] :$bNotizie dai Seminari.$9(OLS)http://semarc/title/416180 LEADER 01163nam a2200265 4500 001 000000331345 003 CaOOAMICUS 005 20181128115846.0 008 181122s2013 it 000 u ita r 020 $a978-88-10-12108-5 040 $aSeMil$bita 245 14$aUna fede per tutti :$bpersone disabili nella comunità cristiana /$ca cura di Veronica Donatello. 264 1$aBologna :$bEDB,$c2013. 300 $a135 p. ;$c21 cm 490 1 $aFormazione catechisti ;$v8 650 4$aDisabili - Sacramenti.$0(OLS)http://semarc/subject/47893 650 4$aDisabili - Catechesi.$0(OLS)http://semarc/subject/47892 700 1 $aDonatello, Veronica.$0(OLS)http://semarc/name/108551 830 0$aFormazione catechisti ;$v8.$0(OLS)http://semarc/title/26406 850 $aSeMil 852 $aSeMil$W1$xVenegono$y1$m2C VII 208$j210925$B223605$CSeMilBibl$Z2$F223605 $81 996 $6020$a978-88-10-12108-5$9(OLS)http://semarc/number/285665 996 $6245$aUna fede per tutti :$bpersone disabili nella comunità cristiana$9(OLS)http://semarc/title/420061 996 $6264$aBologna :$bEDB$9(OLS)http://semarc/publisher/29669